000 00475nam a2200193Ia 4500
005 20240823034806.0
008 240823s9999||||xx |||||||||||||| ||und||
020 _a978-81-264-3665-1
041 _aENGLISH
082 _A158.1 Q2
100 _aMenon T R S
245 0 _a15 Essential Principles and Habits for Professional Success
250 _a1st
260 _c2012
_b"D C Books,Kot"
500 _aYES
650 _aHabits
_bGeneral
942 _cBK
999 _c199135
_d199135